000
00271nam a2200133Ia 4500
100
_a
CIMI-DGET
942
_c
BK
366
_f
20
245
_a
ELECTRONIC MECHANIC IIND YEAR TRADE THEORY
260
_b
CIMI
_a
Chennai
300
_a
499
546
_a
ENGLISH
999
_c
34273
_d
34273